| 000 | 00868nam a2200229 a 4500 | ||
|---|---|---|---|
| 001 | 000047932 | ||
| 005 | 20240313073817.0 | ||
| 008 | 181004s2017 dr r 000 0 spa d | ||
| 020 | _a9789945462951 | ||
| 040 |
_aDO-SdBNP _bspa _cBNPHU |
||
| 082 |
_axxxx _bC697m |
||
| 100 | 1 |
_aCollado, Lipe, _d1947- _979819 |
|
| 245 | 1 | 0 |
_a1965-2015 cincuenta años después / _cLipe Colado ; prólogo Bienvenido Álvarez-Vega. |
| 246 | 1 | 0 | _aMil novecietos sesenta y cinco - dos mil quince cincuenta años despúes |
| 260 |
_aSanto Domingo : _bCPEP, _c2017. |
||
| 300 |
_a258 p. ; _c23 cm. |
||
| 490 | 1 |
_a50 aniversario de la gesta patriotica de abril del 1965 _v19 |
|
| 504 | _aBibliografía : p. 255-258 | ||
| 590 | _aInventariado, 2020/BT | ||
| 700 | 1 |
_aÁlvarez-Vega, Bienvenido, _epról. _927120 |
|
| 830 | 0 |
_a50 aniversario de la gesta patriotica de abril del 1965 _n19 _975483 |
|
| 999 |
_c47420 _d47420 |
||